000 00382nam a2200157Ia 4500
008 230711s9999||||xx |||||||||||||| ||und||
041 _aENG
082 _a627
_bBA-I
100 _aBasak,N N
245 0 _aIrrigation engineering
250 _a1st Ed.
260 _c1999
_aNew Delhi
_bTata McGraw Hill Education Limited
300 _a329
650 _aCivil Engineering
942 _cBK
999 _c3785
_d3785